| 000 | 00730nam a2200229 u 4500 | ||
|---|---|---|---|
| 005 | 20240127063545.0 | ||
| 008 | 090824s2005 r 000 0 eng d | ||
| 020 | _a8497351657 | ||
| 035 | _aUPN01000172006 | ||
| 049 | _aCG | ||
| 050 | 4 |
_aHQ755.85 _bF5.3 |
|
| 100 | 1 | _aFirman, Julie | |
| 245 | 1 | 0 |
_aHijas y madres : _buna relación que puede funcionar / _cJulie Firman, Dorothy Firman ; tr. Isabel Murillo. |
| 260 |
_aBarcelona, Esp. : _bAmat : _c2005. |
||
| 300 | _a295 p. | ||
| 534 |
_pTítulo original: _tDaughters and mothers : making it work |
||
| 650 | 4 |
_aMADRES E HIJAS _95648 |
|
| 650 | 2 |
_aConflicto familiar _911591 |
|
| 650 | 4 |
_aTECNICAS DE AUTOAYUDA _9377 |
|
| 700 | 1 |
_aFirman, Dorothy, _ecoaut. |
|
| 905 | _aLibro | ||
| 999 |
_c144110 _d144110 |
||